Botánica /
Guardado en:
| Autor Principal: | |
|---|---|
| Otros Autores: | |
| Formato: | Libro |
| Publicado: |
Buenos Aires :
Cesarini,
1971
|
| Edición: | 35a. ed. |
| Materias: | |
| Etiquetas: |
Agregar Etiqueta
Sin Etiquetas, Sea el primero en etiquetar este registro!
|
| LEADER | 01188nam a22003015a 4500 | ||
|---|---|---|---|
| 001 | CEM.cems017965 | ||
| 005 | 20130315083017.0 | ||
| 008 | 130507s1971##################000#0#####d | ||
| 003 | CEMS | ||
| 082 | 0 | 4 | |a 580 |
| 100 | 1 | |a Dembo, A. | |
| 245 | 1 | 0 | |a Botánica / |c A. Dembo E Ilustrado Por A. Spont |
| 250 | |a 35a. ed. | ||
| 260 | |a Buenos Aires : |b Cesarini, |c 1971 | ||
| 300 | |a 316 p. | ||
| 500 | |a Texto para primer año del Ciclo Básico | ||
| 505 | 0 | |a Estudio comparativo de plantas con flores: sus órganos -- Cómo nacen: la semilla -- Cómo crece y se nutre: la raíz -- El tallo -- La hoja -- Cómo se reproduce: la flor -- El fruto -- Clasificación del reino vegetal -- Espermatófitas (fanerógamas) -- Concepto de célula vegetal -- Tejidos vegetales -- Plantas útiles y dañinas -- El hombre frente a la naturaleza -- El hombre y las plantas | |
| 653 | |a Botánica | ||
| 653 | |a Plantas con flores | ||
| 653 | |a Semilla | ||
| 653 | |a Hoja | ||
| 653 | |a Raíz | ||
| 653 | |a Tallo | ||
| 653 | |a Fruto | ||
| 653 | |a Reino vegetal-clasificación | ||
| 653 | |a Tejidos vegetales | ||
| 700 | 1 | |a Spont, A., il. | |
| 859 | |a CEMS |b BIB. CEMS - Agricultura |h 580 |i D393a35 |p A1799.13 |t Ej.1 | ||
